000 00662nam a2200289Ia 4500
005 20260324115552.0
008 008 260324s9999 xx 000 0 eng d
020 _a9781315158853
037 _aEBOOK
040 _aCRL
040 _beng
040 _cCRL
041 _2eng
041 _aeng
084 _qCRL
100 _aSasho Andonov
_91148202
245 0 _aBowtie Methodology
245 2 _bA Guide for Practitioners
260 _bTaylor and Francis
260 _c2017
365 _a
365 _b480
856 _uhttp://www.taylorfrancis.com/books/9781315158853
942 _cEBOOK
999 _c1746135
_d1746135